000 00525cam a2200181 a 4500
001 13310237
005 20240205231708.0
008 030417s2002 ce b i000 0 eng
020 _a9555800707
040 _aDLC
_cDLC
_dDLC
082 _222
_a306
245 0 0 _aWomen and governance in South Asia :
_bre-imagining the state /
_cedited by Yasmin Tambiah.
260 _aColombo :
_bInternational Centre for Ethnic Studies,
_c2002.
300 _axiii, 497 p. ;
650 0 _aWomen
700 1 _aTambiah, Yasmin.
_eedt
942 _cL
999 _c286
_d286